000
00283nam a22001217a 4500
082
_a
474
_b
ADI/L
100
_a
ADITHYANATH, YOGI
245
_a
LOK AARADHANA KE ABHIVYAKTHY
260
_a
LUCKNOW
_b
ETHER PRESS
300
_a
242
650
_a
ABOUT YOGI ADITHYANATH
_z
LUCKNOW
942
_c
BK
999
_c
6860
_d
6860